• 首页
  • 本馆介绍
  • 公告通知
  • 最新文献
  • 馆藏检索
  • 电子资源
  • 读者导购
  • 参考咨询
  • 我的图书馆
  • 登录
  • 详细信息显示
  • 放入我的书架
  • 预约/预借图书
  • 作者相关作品
  • 分类相关作品
  • 丛书相关作品
  • 出版社相关作品

书目信息

  • 表格格式
  • 工作单格式
  • 卡片格式
题名:
名枪至尊
    
 
作者: 兵人 编著
分册:  
出版信息: 哈尔滨   哈尔滨出版社  2015
页数: 184页, [15] 页图版
开本: 24cm
丛书名: 战争之王
单 册:
中图分类: E922.1
科图分类:
主题词: 枪械--qiang xie--介绍--世界
电子资源:
ISBN: 978-7-5484-2099-6
000 01157nam0 22002891 450
001 0122100917
005 20170322100917.0
010    @a978-7-5484-2099-6@dCNY29.80
100    @a20151104d2015 em y0chiy50 ea
101 0  @achi
102    @aCN@b230000
105    @aacf a 000yy
106    @ar
200 1  @a名枪至尊@9ming qiang zhi zun@e世界经典枪械@dA gum the supreme@ethe world classic guns@f兵人编著@zeng
210    @a哈尔滨@c哈尔滨出版社@d2015
215    @a184页, [15] 页图版@c图 (部分彩图), 肖像@d24cm
225 2  @a战争之王@9zhan zheng zhi wang
320    @a有书目
330    @a本书结合大量权威资料,用通俗、生动的语言和具有视觉冲击力的图片,采取双色印刷加彩插的形式,全面介绍了世界经典枪械,内容包括这些枪械的研发过程、各枪械的参数、特性、优缺点的总结,和它们对战局的影响等,旨在让读者对世界名枪有更加全面、立体的认识。
461  0 @12001 @a战争之王
510 1  @aGum the supreme@ethe world classic guns@zeng
517 1  @a世界经典枪械@9shi jie jing dian qiang xie
606 0  @a枪械@9qiang xie@x介绍@y世界
690    @aE922.1@v5
701  0 @a兵人@9bing ren@4编著
801  0 @aCN@bTANGWEI@c20170308
905    @b0960750-3@dE922.1@e39@f4
    
    名枪至尊:世界经典枪械=A gum the supreme:the world classic guns/兵人编著.-哈尔滨:哈尔滨出版社,2015
    184页, [15] 页图版:图 (部分彩图), 肖像;24cm.-(战争之王)
    
    
    ISBN 978-7-5484-2099-6:CNY29.80
    本书结合大量权威资料,用通俗、生动的语言和具有视觉冲击力的图片,采取双色印刷加彩插的形式,全面介绍了世界经典枪械,内容包括这些枪械的研发过程、各枪械的参数、特性、优缺点的总结,和它们对战局的影响等,旨在让读者对世界名枪有更加全面、立体的认识。
●
相关链接 在E读中查询图书 在五车中查询图书 在当当中查询图书 在豆瓣中查询图书


正题名:名枪至尊     索取号:E922.1/39         预约/预借

序号 登录号 条形码 馆藏地/架位号 状态 备注
1 0960750   209607503   第一样本阅览室/ [索取号:E922.1/39] 在馆    
2 0960751   209607512   第一借阅区/ [索取号:E922.1/39] 在馆    
3 0960752   209607521   第一借阅区/ [索取号:E922.1/39] 在馆    
4 0960753   209607530   第一借阅区/ [索取号:E922.1/39] 在馆    
唐山师范学院图书馆 欢迎您!
大连网信软件有限公司© 版权所有